Statistics for Top Five Countries by Unknown Categories #1

Click here to take the quiz!

General Stats

  • This quiz has been taken 76 times
  • The average score is 19 of 28

Answer Stats

Category Country % Correct
Billionaires, Italian, IslandsUnited States
100%
Billionaires, IndiaRussia
100%
Italian, RainforestBrazil
100%
Most BillionairesChina
99%
Italian SpeakersFrance
96%
Most BillionairesIndia
96%
SouthernmostAustralia
94%
Most IslandsCanada
92%
Billionaires, ItaliansGermany
92%
SouthernmostArgentina
90%
Islands, RainforestIndonesia
90%
Southernmost, LanguagesSouth Africa
90%
Islands, SouthernmostChile
89%
Italian SpeakersItaly
88%
Most Tropical RainforestPeru
88%
SouthernmostNew Zealand
85%
Most Tropical RainforestColombia
82%
Most Tropical RainforestDR Congo
78%
Most Official Langs.Singapore
61%
Most Official Langs.Bolivia
56%
Most Official Langs.Norway
50%
Most Islands
25%
Most Official Langs.Zimbabwe
24%
Most Tropical Rainforest (sq. km)
21%
Most Italian Speakers
21%
Southernmost (°)
19%
Most Billionaires
13%
Most Official Languages
10%

Score Distribution

Percentile by Number Answered

Percent of People with Each Score

Your Score History

You have not taken this quiz